000 00474nam a2200157Ia 4500
005 20260601193350.0
008 260601s9999||||xx |||||||||||||| ||und||
020 _a9783031367632
_qebk
100 _aGiuseppe Serazzi
245 0 _aPerformance Engineering
250 _a1st ed. 2024
260 _aHeidelberg, Germany
_bSpringer Nature
_c2024
650 _aComputer Science
856 _uhttps://link.springer.com/openurl?genre=book&isbn=978-3-031-36763-2
942 _cEB
_2ddc
999 _c55739
_d55739